000 00434nam a2200181Ia 4500
001 24276
005 20260414151032.0
008 260414t2018||||xx |||||||||||||| ||spa||
041 _aESP
082 _a345.2
_bL81
100 _aLoayza Revilla, Joel Silvio
_eAUT
245 0 _aMedios técnicos de defensa
_b
260 _c2018
300 _a383 páginas :
_c25 cm.
650 _aDER
654 _aCDE
942 _cLIB
_dJUS
_fJUS
_2ddc
_n
999 _c24276
_d24276